| 000 | 00880cam a2200169 4500 | ||
|---|---|---|---|
| 001 | L130527 | ||
| 008 | 050809n 000 0 eng u | ||
| 035 | _a(Sirsi) u130527 | ||
| 041 | _aeng | ||
| 110 |
_aDepartment for Constitutional Affairs _94754 |
||
| 245 |
_aDepartment for Constitutional Affairs _bstatistical information |
||
| 520 | _aWeb pages providing quarterly statistics on mortgage possessions and company winding up and bankruptcy petition statistics. The mortage possession statistics record county court actions and orders in England and Walesm, covering both local authority and bank or building society mortgages. | ||
| 690 | _aMANAGEMENT-CORPORATE RECOVERY | ||
| 690 | _aPROPERTY-RESIDENTIAL PROPERTY-RESIDENTIAL PROPERTY DEVELOPMENT | ||
| 856 | 4 | 0 |
_uhttps://www.dca.gov.uk/statistics/cjust.htm _zView the website free of charge at www.dca.gov.uk... |
| 942 | _n0 | ||
| 999 |
_c120463 _d120463 |
||